000 00622cam a22002293a 4500
001 8660
003 PGUSA
005 20140828083203.0
008 050801s2005||||xxu|||||s|||||000 | eng d
040 _aPGUSA
_beng
042 _adc
050 4 _aHQ
100 1 _aSanger, Margaret,
_d1879-1966
245 1 0 _aWoman and the New Race
_h[electronic resource] /
_cMargaret Sanger
260 _bProject Gutenberg,
_c2005
506 _aPublic domain in the USA.
516 _aElectronic text
653 _aBirth control
830 0 _aProject Gutenberg
_v8660
856 4 0 _uhttp://www.gutenberg.org/ebooks/8660
942 _cEB
999 _c237960
_d237960